Statistics for Biggest Cities in the NATO by Letter - H

Click here to take the quiz!

General Stats

  • This quiz has been taken 34 times
  • The average score is 8 of 20

Answer Stats

RankPopulationCountryHintCity% Correct
12,303,000United StatesNASA Mission Control Center, " ... , we have a problem"Houston
97%
4532,000GermanyBritish House (last member: Victoria)Hannover
97%
21,787,000GermanySt.Pauli, ReeperbahnHamburg
97%
5403,000CanadaCapital of Nova Scotia, 1917 explosionHalifax
76%
18152,000United StatesMiami suburb with the same name as the U.S. film industryHollywood
62%
15157,000GreeceCapital of CreteHeraklion
62%
16156,000GermanyHas one of Europes oldest universitiesHeidelberg
45%
3537,000CanadaGolden Horseshoe, Royal Botanical GardensHamilton
45%
6293,000United StatesSafe suburb of Las VegasHenderson
38%
8236,000United StatesMiami suburb with many Cuban AmericansHialeah
31%
13167,000United KingdomWest Yorkshire, Victorian architecture, The TerriersHuddersfield
28%
10193,000United StatesTennessee River, "Rocket City"Huntsville
24%
7237,000GermanyAt the heart of Central GermanyHalle (Saale)
17%
12179,000GermanyBetween motorway A1 and A2Hamm
17%
19145,000SpainAlong the Gulf of Cádiz coastHuelva
14%
11189,000GermanyFernUniversitätHagen
14%
9201,000United States"Surf City"Huntington Beach
14%
14159,000United StatesEast Bay (San Francisco Bay Area)Hayward
14%
17156,000GermanyBetween Bochum and GelsenkirchenHerne
10%
20135,000United StatesIndependent city, bridge-tunnelHampton
10%

Score Distribution

Percentile by Number Answered

Percent of People with Each Score

Your Score History

You have not taken this quiz